| 000 | 00447nam a2200169Ia 4500 | ||
|---|---|---|---|
| 005 | 20240826015125.0 | ||
| 008 | 240331s9999 xx 000 0 und d | ||
| 082 |
_bJen _a800 |
||
| 100 | _aJennings, P | ||
| 245 | 4 |
_aThe living village : _bA picture of rural life drawn from village scrapbooks |
|
| 260 |
_aEngland _bPenguin Books _c1972 |
||
| 300 | _a317 p ., | ||
| 650 | _aSociology | ||
| 650 | _aAnthropology | ||
| 650 | _aHistory | ||
| 942 | _cL | ||
| 999 |
_c2228 _d2228 |
||